<?xml version="1.0" encoding="UTF-8"?>
<collection xmlns="http://www.loc.gov/MARC21/slim">
 <record>
  <leader>01923aam a22002658a 4500</leader>
  <controlfield tag="001">NCT_14778</controlfield>
  <controlfield tag="008">100702s2010                  ||||||viesd</controlfield>
  <datafield tag="999" ind1=" " ind2=" ">
   <subfield code="c">707</subfield>
   <subfield code="d">707</subfield>
  </datafield>
  <datafield tag="020" ind1=" " ind2=" ">
   <subfield code="c">25000</subfield>
  </datafield>
  <datafield tag="082" ind1="0" ind2="4">
   <subfield code="2">23rd ed.</subfield>
   <subfield code="a">796.325</subfield>
   <subfield code="b">M379</subfield>
  </datafield>
  <datafield tag="100" ind1="1" ind2=" ">
   <subfield code="a">Martin, Peggy</subfield>
  </datafield>
  <datafield tag="245" ind1="1" ind2="0">
   <subfield code="a">101 bài luyện tập môn bóng chuyền</subfield>
   <subfield code="c">Peggy Martin ; Biên dịch: Thanh Ly, Nhã Thư</subfield>
  </datafield>
  <datafield tag="260" ind1=" " ind2=" ">
   <subfield code="a">Tp. Hồ Chí Minh</subfield>
   <subfield code="b">Nxb. Tp. Hồ Chí Minh</subfield>
   <subfield code="c">2010</subfield>
  </datafield>
  <datafield tag="300" ind1=" " ind2=" ">
   <subfield code="a">182tr.</subfield>
   <subfield code="b">hình vẽ</subfield>
   <subfield code="c">21cm</subfield>
  </datafield>
  <datafield tag="520" ind1="3" ind2=" ">
   <subfield code="a">Bao gồm 101 bài tập dành cho vận động viên bóng chuyền theo trình tự từ dễ đến khó, từ luyện tập cá nhân đến luyện tập theo nhóm và cuối cùng là cả đội. Trình bày chi tiết mọi vấn đề trong bài tập khởi động, kỹ năng tâng bóng, giao bóng, chắn bóng, những chiến thuật phòng thủ và tấn công...</subfield>
  </datafield>
  <datafield tag="653" ind1=" " ind2=" ">
   <subfield code="a">Khoa học cơ bản</subfield>
  </datafield>
  <datafield tag="700" ind1="0" ind2=" ">
   <subfield code="a">Thanh Ly</subfield>
   <subfield code="e">biên dịch</subfield>
  </datafield>
  <datafield tag="700" ind1="0" ind2=" ">
   <subfield code="a">Nhã Thư</subfield>
   <subfield code="e">biên dịch</subfield>
  </datafield>
  <datafield tag="942" ind1=" " ind2=" ">
   <subfield code="2">ddc</subfield>
   <subfield code="c">BK</subfield>
  </datafield>
  <datafield tag="952" ind1=" " ind2=" ">
   <subfield code="0">0</subfield>
   <subfield code="1">0</subfield>
   <subfield code="2">ddc</subfield>
   <subfield code="4">0</subfield>
   <subfield code="6">796_325000000000000_M379</subfield>
   <subfield code="7">0</subfield>
   <subfield code="9">5322</subfield>
   <subfield code="a">000001</subfield>
   <subfield code="b">000001</subfield>
   <subfield code="d">2017-12-02</subfield>
   <subfield code="o">796.325 M379</subfield>
   <subfield code="p">MD.03827</subfield>
   <subfield code="r">2017-12-02</subfield>
   <subfield code="v">25000.00</subfield>
   <subfield code="w">2017-12-02</subfield>
   <subfield code="y">BK</subfield>
  </datafield>
  <datafield tag="952" ind1=" " ind2=" ">
   <subfield code="0">0</subfield>
   <subfield code="1">0</subfield>
   <subfield code="2">ddc</subfield>
   <subfield code="4">0</subfield>
   <subfield code="6">796_325000000000000_M379</subfield>
   <subfield code="7">0</subfield>
   <subfield code="9">5323</subfield>
   <subfield code="a">000001</subfield>
   <subfield code="b">000001</subfield>
   <subfield code="d">2017-12-02</subfield>
   <subfield code="o">796.325 M379</subfield>
   <subfield code="p">MD.03828</subfield>
   <subfield code="r">2017-12-02</subfield>
   <subfield code="v">25000.00</subfield>
   <subfield code="w">2017-12-02</subfield>
   <subfield code="y">BK</subfield>
  </datafield>
  <datafield tag="952" ind1=" " ind2=" ">
   <subfield code="0">0</subfield>
   <subfield code="1">0</subfield>
   <subfield code="2">ddc</subfield>
   <subfield code="4">0</subfield>
   <subfield code="6">796_325000000000000_M379</subfield>
   <subfield code="7">0</subfield>
   <subfield code="9">5324</subfield>
   <subfield code="a">000001</subfield>
   <subfield code="b">000001</subfield>
   <subfield code="d">2017-12-02</subfield>
   <subfield code="o">796.325 M379</subfield>
   <subfield code="p">MD.03829</subfield>
   <subfield code="r">2017-12-02</subfield>
   <subfield code="v">25000.00</subfield>
   <subfield code="w">2017-12-02</subfield>
   <subfield code="y">BK</subfield>
  </datafield>
  <datafield tag="952" ind1=" " ind2=" ">
   <subfield code="0">0</subfield>
   <subfield code="1">0</subfield>
   <subfield code="2">ddc</subfield>
   <subfield code="4">0</subfield>
   <subfield code="6">796_325000000000000_M379</subfield>
   <subfield code="7">0</subfield>
   <subfield code="9">5325</subfield>
   <subfield code="a">000001</subfield>
   <subfield code="b">000001</subfield>
   <subfield code="d">2017-12-02</subfield>
   <subfield code="o">796.325 M379</subfield>
   <subfield code="p">MD.03830</subfield>
   <subfield code="r">2017-12-02</subfield>
   <subfield code="v">25000.00</subfield>
   <subfield code="w">2017-12-02</subfield>
   <subfield code="y">BK</subfield>
  </datafield>
  <datafield tag="952" ind1=" " ind2=" ">
   <subfield code="0">0</subfield>
   <subfield code="1">0</subfield>
   <subfield code="2">ddc</subfield>
   <subfield code="4">0</subfield>
   <subfield code="6">796_325000000000000_M379</subfield>
   <subfield code="7">0</subfield>
   <subfield code="9">5326</subfield>
   <subfield code="a">000001</subfield>
   <subfield code="b">000001</subfield>
   <subfield code="d">2017-12-02</subfield>
   <subfield code="o">796.325 M379</subfield>
   <subfield code="p">MD.03831</subfield>
   <subfield code="r">2017-12-02</subfield>
   <subfield code="v">25000.00</subfield>
   <subfield code="w">2017-12-02</subfield>
   <subfield code="y">BK</subfield>
  </datafield>
  <datafield tag="980" ind1=" " ind2=" ">
   <subfield code="a">Thư viện Trường Đại học Nam Cần Thơ</subfield>
  </datafield>
 </record>
</collection>
